000 00850nab a2200253 u 4500
001 10832
003 HDC
007 cr bn ---aaaaa
008 210205d9999 |r|noo 0 a eng d
040 _aHDC
100 _aMaria Panina
_eauthor
_911095
245 0 _aRussian hotels go halal to make up sanction shortfall / by
_cMaria Panina
260 _a[no place] :
_b[publisher not identified],
_c[no year]
336 _atext
_2rdacontent
337 _acomputer
_2rdamedia
338 _aonline resource
_2rdacarrier
650 _aHalal hotel
_95920
650 _ahotel industry
_95315
710 _aTaipei Times
856 _zRequest full-text at [email protected]
942 _2lcc
942 _cNEWS
942 _kNWSO 001248
999 _c8155
_d8155